Quizzes
Events
Quiz Creation
Community
Videos
Private Events
Remove Ads
Sign In
Join for FREE
Feedback
Dark Mode
Quiz Categories
Sports
Geography
Music
Movies
Television
Just For Fun
Miscellaneous
History
Literature
Language
Science
Gaming
Entertainment
Religion
Holiday
For Kids
Quiz Lab
Recent
Popular Today
Quiz Kudos Today
Editor Picks
Curator Picks
Quizzes by...
Day
Popularity
Type
Ratings
Length
Year
Community
Subscriptions
Recent Discussions
Orange Saloon
Badges
Playlists
Quests
Create
Leaderboards
Showdown
Live 5
Trivia Bingo
Activity
Puzzle Library
Sporcle Events
Private Events
Virtual Trivia
Globe League
Become a Host
Pub Owners
SporcleCon
Opinionation
Our Games
Videos
Blog
Mobile Apps
Partnerships
Remove Ads and Go Orange
Feedback
Sports
Athletes
MLB
NBA
NHL
NFL
Soccer
Sports Teams
WWE
NCAA
Football
Premier League
Basketball
Baseball
Hockey
Golf
Tennis
Cricket
Rugby
Auto Racing
Olympics
World Cup
Sports
Athletes
MLB
NBA
NHL
NFL
Soccer
Sports Teams
WWE
NCAA
Football
Premier League
Basketball
Baseball
Hockey
Golf
Tennis
Cricket
Rugby
Auto Racing
Olympics
World Cup
Random Quiz
Search Sporcle
×
Quiz Lab
Quiz Lab
Sports
Football
Type in answers that appear in a list
Type in answers that appear in a list
Classic
Best Score? Go Orange.
Nba best players by decade Stats
Can you name the Nba best players by decade?
By
shakesula
10m
35 Questions
2,196 Plays
2,196 Plays
2,196 Plays
Comments
Comments
Give Quiz Kudos
Give Quiz Kudos
-
- Ratings
hide this ad
More Info
Replay
Link that replays current quiz
Next Quiz
Link to next quiz in quiz playlist
You Got
0%
They Got
Avg Score
66%
Avg Friend Score
Upgrade to see
Score Distribution
Jump to the score distribution portion of the page
Score
0/35
Timer
10:00
0
Plays Today
Decade/Position
Player
% Correct
1980/
SG
Michael Jordan
96.4%
1990/
SG
Michael Jordan
96.4%
2000/
SG
Kobe Bryant
96.2%
2000/
C
Shaquille O'neal
95.9%
2000/
SF
Lebron James
95.8%
2000/
PF
Tim Duncan
95.1%
1980/
SF
Larry Bird
93.9%
1980/
PG
Magic Johnson
93.7%
1990/
PF
Karl Malone
93.6%
1970/
C
Kareem Abdul-Jabbar
92.2%
1980/
C
Kareem Abdul-Jabbar
92.2%
2000/
PG
Jason Kidd
91.6%
1990/
C
Hakeem Olajuwon
89.3%
1990/
PG
John Stockton
88.9%
1960/
C
Bill Russell
88%
1990/
SF
Charles Barkley
86%
1960/
PG
Jerry West
82.1%
1970/
SG
Jerry West
82.1%
Decade/Position
Player
% Correct
1970/
PF
Julius Erving
81.1%
1980/
PF
Julius Erving
80.6%
1950/
SG
Bob Cousy
71.8%
1960/
SG
Oscar Robertson
69.6%
1960/
PF
Elgin Baylor
59.6%
1940/
C
George Mikan
58.9%
1950/
C
George Mikan
58.9%
1950/
SF
Bob Pettit
58.8%
1960/
SF
Bob Pettit
58.8%
1970/
PG
Pete Maravich
51.4%
1940/
PF
Joe Fulks
6.4%
1950/
PF
Neil Johnston
6.4%
1970/
SF
John Haclicek
4%
1950/
PG
Bill Sherman
2.6%
1940/
SG
Bob Davies
1.9%
1940/
PG
Bob Feerick
1.5%
1940/
SF
Max Zaslofsky
1.4%
Quiz Playlist
Details
Report
Send in Message
Add To Playlist
More Info:
Can you name the best starting linups of each decade? From 1940-2010 Taken from Sports Illustrated.
Classic:
Type in answers that appear in a list
Last Updated: Feb 16, 2017
Quiz Scoreboard
CHALLENGE
Sign Up to Join the Scoreboard
Show All
Scores
Hide
Comments
May contain spoilers
Recently Published
College Basketball Coaching Resumes
by pancakes188
Sports
9m
Billboard Blitz: Fleetwood Mac
by CooCooCachoo
Music
15s
Presidents Visiting Landmarks
by Hejman
History
7m
More to Explore
Quiz From the Vault
Featured Blog Post
Where Did the Easter Bunny Come From?
hide this ad
You Might Also Like...
Tags
Basketball Quiz
Decade Quiz
Football Quiz
NBA Quiz
Player
team
Today's Top Quizzes in Sports
Browse Sports
hide this ad
Today's Top Quizzes in Football
Browse Football
Top Contributed Quizzes in Sports
1
2022 World Cup Stars
2
Les meilleurs buteurs des matchs entre le PSG et l’OM
3
FIFA Club World Cup Champions
4
Les entraîneurs de l'OM et du PSG au 21e siècle
5
Criteria MLB: Left Handed Sluggers
6
AFC Teams Reveal (Wrong Answers Minefield)
7
2023 MLB Unique Player Accomplishments
8
Players with Multiple 50 Home Run Seasons
9
5-to-1: FBS Animal Nicknames
10
5-to-1: UK Sports Teams
Explore More
Trending Topics
NBA
Disney
Marvel
Kpop
Crossword
Harry Potter
Anime
Soccer
Song
Puzzle
WWE
Pokémon
Country
The Office
NFL
hide this ad
More By:
shakesula
Quiz
Plays
Rating
Category
Featured
Created
NBA best players by height
904
3.33
Sports
Jul 9, 2010
Go to Creator's Profile
Score Distribution
Quiz Creator Spotlight
shakesula
Follow
Send a Message
Quizzes Created
-
Created Quiz Play Count
-
More By This Creator
Popular Quizzes Today
1
Find the US States - No Outlines Minefield
2
Find the Countries of Europe - No Outlines Minefield
3
The Countries of the World
4
Find the US States
5
Risky Map Clicking: Biggest States A-Z
6
US States
7
Popular People in 1961
8
Movies - When Are They Set?
More Sports Quizzes
Championship MVPs During the 1980s
Published
Trending Quizzes
Risky Map Clicking: Least Populous States A-Z
1-10 Letter G Words
1-10 Letter F Words
Risky Map Clicking: Next State Alphabetically
Adjectives in 80s TV Shows
Recently Updated
Leaping Animals
pecheneg
Reality TV Shows (A-Z)
bhenderson79
Rickey Henderson's Hall of Fame Teammates
pecheneg
Champions League XIs: Arsenal
pecheneg
Quick Pick: Celebrities in WWE's Hall of Fame
aduchscher
A-Z Keypad Blitz II
pecheneg
Multiple Oscar Actors
pecheneg
Mystery Phrase Blitz: Oscar 'Best Actors'
pecheneg
F. Scott Fitzgerald Novels
LTH
Pick 3 Villains
ddd62291
Trending Topics
Harry Potter
Disney
Crossword
Anime
NBA
Kpop
Marvel
NFL
Pokémon
Puzzle
The Office
Song
Soccer
WWE
Country
Your Account Isn't Verified!
In order to create a playlist on Sporcle, you need to verify the email address you used during registration. Go to your
Sporcle Settings
to finish the process.
Report this User
Report this user for behavior that violates our
Community Guidelines
.
Details:
Send Report
Go to the Sporcle.com Mobile Site →
Comments